FIFA (football / soccer) points per capita - Statistics

General Stats
  • This quiz has been taken 198 times
  • The average score is 5 of 10
Answer Stats
FIFA points per million population Country % Correct
95.9 Belgium
74%
58.2 Netherlands
72%
349.0 Uruguay
72%
113.5 Portugal
56%
140.8 Switzerland
52%
163.3 Costa Rica
50%
210.5 Croatia
44%
95.7 Greece
34%
85.4 Honduras
33%
230.2 Bosnia
27%
No matching quizzes found
Score Distribution
Percent of People with Each Score
Percentile by Number Answered
Your Score History
You have not taken this quiz